Assessment of Impacts of Coffee washing station (CWS) on coffee plantation and farmers<U+0092> welfare , case of vunga CWS in Nyabihu district, western Rwanda
Este estudio tuvo como props̤ito examinar los beneficios de las estaciones de lavado de caf ̌en el desarrollo de r̀eas rurales de Ruanda tomando como referencia la instalacin̤ ubicada en Vunga, en el distrito de Nyabihu. En třminos especf̕icos, se analizan los efectos sobre la plantacin̤ de caf,̌ e...
Uloženo v:
| Další autoři: | , |
|---|---|
| Médium: | Kniha |
| Jazyk: | angličtina |
| Témata: | |
| On-line přístup: | Assessment of Impacts of Coffee washing station (CWS) on coffee plantation and farmers<U+0092> welfare , case of vunga CWS in Nyabihu district, western Rwanda |
| Tagy: |
Přidat tag
Žádné tagy, Buďte první, kdo vytvoří štítek k tomuto záznamu!
|
MARC
| LEADER | 00000nam a22000004a 4500 | ||
|---|---|---|---|
| 001 | vpro11358 | ||
| 005 | 20201223000000.0 | ||
| 008 | 170308s2017 ck # g## #001 0#eng#d | ||
| 020 | |||
| 022 | |a 2006-9774 | ||
| 040 | |a CO-BoINGC | ||
| 041 | 0 | |a eng | |
| 245 | 1 | 0 | |a Assessment of Impacts of Coffee washing station (CWS) on coffee plantation and farmers<U+0092> welfare , case of vunga CWS in Nyabihu district, western Rwanda |
| 246 | |a Evaluacin̤ de impactos de una estacin̤ de lavado de caf ̌sobre la plantacin̤ y el bienestar de los agricultores : un caso de la estacin̤ de vunga en el distrito de Nyabihu, occidente de Ruanda | ||
| 264 | |a Bogot ̀(Colombia) : |b Revista VirtualPRO, |c 2017 | ||
| 520 | 3 | |a Este estudio tuvo como props̤ito examinar los beneficios de las estaciones de lavado de caf ̌en el desarrollo de r̀eas rurales de Ruanda tomando como referencia la instalacin̤ ubicada en Vunga, en el distrito de Nyabihu. En třminos especf̕icos, se analizan los efectos sobre la plantacin̤ de caf,̌ el ingreso de los cultivadores y las condiciones sociales de los hogares de estos. Los datos se recogieron entre 86 agricultores escogidos al azar. | |
| 650 | \ | \ | |a Agricultores |
| 650 | \ | \ | |a Agroindustria |
| 650 | \ | \ | |a Caf-̌cultivo |
| 650 | \ | \ | |a Industria del caf̌ |
| 650 | \ | \ | |a Farmers |
| 650 | \ | \ | |a Agro-industry |
| 650 | \ | \ | |a Coffee - Harvesting |
| 650 | \ | \ | |a Coffee industry |
| 650 | \ | \ | |a Caf̌ |
| 650 | \ | \ | |a Lavado de caf̌ |
| 650 | \ | \ | |a Estacin̤ de lavado de caf̌ |
| 650 | \ | \ | |a Plantacin̤ de caf̌ |
| 650 | \ | \ | |a Agricultores de caf̌ |
| 650 | \ | \ | |a Impacto social |
| 650 | \ | \ | |a Anl̀isis estads̕tico |
| 650 | \ | \ | |a Vunga |
| 650 | \ | \ | |a Nyabihu |
| 650 | \ | \ | |a Ruanda |
| 650 | \ | \ | |a Coffee |
| 650 | \ | \ | |a Coffee washing |
| 650 | \ | \ | |a Coffee washing station |
| 650 | \ | \ | |a Coffee plantation |
| 650 | \ | \ | |a Coffee farmers |
| 650 | \ | \ | |a Social impact |
| 650 | \ | \ | |a Statistical analysis |
| 650 | \ | \ | |a Vunga |
| 650 | \ | \ | |a Nyabihu |
| 650 | \ | \ | |a Rwanda |
| 700 | \ | \ | |a Maniriho Aristide |
| 700 | \ | \ | |a Academic Journals |
| 856 | |z Assessment of Impacts of Coffee washing station (CWS) on coffee plantation and farmers<U+0092> welfare , case of vunga CWS in Nyabihu district, western Rwanda |u https://virtualpro.unach.elogim.com/biblioteca/evaluacion-de-impactos-de-una-estacion-de-lavado-de-cafe-sobre-la-plantacion-y-el-bienestar-de-los-agricultores-un-caso-de-la-estacion-de-vunga-en-el-distrito-de-nyabihu-occidente-de-ruanda | ||